000 00339 a2200157 4500
001 190857
020 _a978-85-62637-07-0
040 _cMagnum
100 _aRibeiro, Jonas
240 1 0 _aAs meninas descalças
_lpor
245 1 0 _aAs meninas descalças
300 _a24
362 0 _a2009
697 _aLITERATURA INFANTO
942 _cBK
999 _c190857
_d190857